000 00510nam a22001937a 4500
003 MPLRDC
005 20220104191303.0
008 210129b ||||| |||| 00| 0 eng d
020 _a978-957-13-5113-1
082 _a861.479 NTS
100 _a内田树
245 _a当心村上春树
_c杨伟、蒋葳 译
250 _a初版
260 _a台湾
_b时报文化出版企业股份有限公司
_c2009
300 _b
490 _a蓝小说: 124
650 _a日本文学
942 _cBK
_o861.479 NTS
999 _c64177
_d64167